000
00276nam a22001217a 4500
008
181220b xxu||||| |||| 00| 0 eng d
041
_a
eng
080
_a
371
100
_a
46
101
_a
EDU
245
_a
Overcoming Survey Research Problems
_c
Porter,S.R
942
_2
udc
_c
BK
999
_c
53568
_d
53568